Por una sociología de la vida cotidiana

Gespeichert in:
Bibliographische Detailangaben
1. Verfasser: Ibáñez Alonso, Jesús (VerfasserIn)
Format: Buch
Sprache:Spanisch
Veröffentlicht: Ciudad de México Siglo Veintiuno 1997
Ausgabe:2a. ed
Schriftenreihe:Colección Sociología y Política
Schlagworte:
Tags: Tag hinzufügen
Keine Tags, Fügen Sie den ersten Tag hinzu!

MARC

LEADER 00000nam a2200000 a 4500
001 UCP3919
003 CL-VaPUC
008 990709e19970000MX |||||||||||||||||spa|d
082 0 4 |a 301  |b IBA  |2 21 
100 |a Ibáñez Alonso, Jesús  |e author  |9 570675 
245 1 0 |a Por una sociología de la vida cotidiana 
250 |a 2a. ed 
300 |a 305 p 
942 |c BK 
945 |d 19990709 00:00:00  |a rbrito 
260 |a Ciudad de México  |b Siglo Veintiuno  |c 1997 
650 0 |a Sociología   |9 255410 
650 0 |a Psicología social   |9 222894 
650 0 |a Familias   |9 255641 
650 0 |a Comunicación   |9 257251 
650 0 |a Publicidad  |9 314572 
583 |a last modification  |c 19990709 00:00:00  |k Rodrigo Vera 
490 0 |a Colección Sociología y Política 
999 |c 282034  |d 282032 
952 |0 0  |1 0  |4 0  |6 301_000000000000000_IBA_1997  |7 0  |8 R  |9 323311  |a BIBGIM  |b BIBGIM  |d 2019-11-20  |i 3538729  |o 301 IBA 1997  |p 3538729  |r 2025-01-15  |w 2019-11-20  |y BK_R  |k GIM 
952 |0 0  |1 0  |4 0  |6 301_000000000000000_IBA_1997  |7 0  |8 A  |9 323312  |a BIBEDU  |b BIBEDU  |d 2019-11-20  |i 3630811  |o 301 IBA 1997  |p 3630811  |r 2019-11-20  |w 2019-11-20  |y BK  |k PSI